01014nam a22003017a 4500003000500000005001700005008004100022010001000063011001000073035001000083040000900093082001800102100002600120245003700146260004200183300002000225590004100245590004100286590004100327590004200368650003500410700002800445901000700473942001000480949006700490999001700557952013800574CHAP20220329134200.0971013s1959 r 00010 d a16647 a17619 a21702 cCHAP a581.9093bH6800aHowarth, W. O.956489 aPractical botany for the tropics aLondon :bUniversity of London,c1959 a238 p.b: ilus. aBATCH-UPDb10c20130110lUCH01h1842 aBATCH-UPDb10c20130410lUCH01h1212 aBATCH-UPDb10c20130914lUCH01h0728 aCONVERSIONb10c20130109lUCH01h131014aBotánicaxTrópicos.9146260 aWarne, L. G. G.9121086 aBK cLIBRO a581.9093 H68bBCcLIBROd33724000451704eLIBROh9650i21702si c16647d16647 00102ddc4052708GRALaBCbBCcPA_GRALd2019-12-31fLIBROl0o581.9093 H68p33724000451704r2019-12-31 00:00:00w2019-12-31yLIBRO